| 000 | 00512nam a2200181 a 4500 | ||
|---|---|---|---|
| 005 | 20230601063709.0 | ||
| 008 | 991125s1947 mx 000 0 spa u | ||
| 035 | _aUPN01000008278 | ||
| 049 | _aLT | ||
| 050 | 4 |
_aLB1584 M6.4 _bS6.3a |
|
| 100 | 1 |
_aSolís Luna, Benito _930031 |
|
| 245 | 1 | 0 |
_aCivismo : _bcuarto año / _cBenito Solís Luna |
| 260 |
_aMéxico : _bAriel, _c1947 |
||
| 300 |
_a122 p. : _bil. col. |
||
| 650 | 4 |
_aCivismo _xEstudio y enseñanza (Elemental) _92807 |
|
| 904 |
_aAC _b008278 |
||
| 905 | _aLibro | ||
| 999 |
_c8278 _d8278 |
||